|
|
|
|
| LEADER |
00000nam a22000007a 4500 |
| 005 |
20180421212051.0 |
| 007 |
cr|||| |||| |
| 008 |
180421s2018 mx |||||s|||| 00||0 spa d |
| 020 |
|
|
|a 978-607-541-024-1
|
| 035 |
|
|
|a 21462
|
| 040 |
|
|
|a vLex
|
| 090 |
|
|
|c 7804
|d 7804
|
| 100 |
1 |
|
|a Sǹchez Soto, Gustavo
|
| 245 |
1 |
0 |
|a Modelos de demandas de amparo en materia fiscal y administrativa 2018
|h [Recurso electrn̤ico] /
|c Gustavo Sǹchez Soto
|
| 256 |
|
|
|a Servicio en ln̕ea
|
| 260 |
|
|
|a Ciudad de Mx̌ico:
|b Ediciones Fiscales ISEF,
|c 2018
|
| 300 |
|
|
|a 1 recurso electrn̤ico
|
| 500 |
|
|
|a Este libro aborda la forma y třminos prc̀ticos en que debe fundarse una DEMANDA DE AMPARO en materia fiscal y administrativa. Un cls̀ico: MODELOS DE DEMANDAS DE AMPARO.
|
| 506 |
1 |
|
|a Disponible solo en los productos indicados
|d vLex Global
|d vLex Global (Academic Edition, excluding Law Schools)
|d vLex Global (U.S. Academic Edition, Law Schools)
|d vLex Global (U.S. Academic Edition, excluding Law Schools)
|d vLex Global (Academic Edition, Law Schools)
|
| 650 |
0 |
4 |
|a Derecho Fiscal
|z Mx̌ico
|
| 740 |
0 |
|
|a vLex Libros (Servicio en ln̕ea)
|
| 856 |
4 |
0 |
|u http://vlex.com/source/modelos-de-demandas-de-amparo-en-materia-fiscal-y-administrativa-2018-21462
|z Acceso restringido
|
| 942 |
|
|
|c BOOK
|
| 999 |
0 |
|
|a Tax Law
|